000 00417nam a2200157Ia 4500
008 160316s1952 xxu||||| |||| 00| 0 eng d
082 _a340.540000
_bBUC-3
100 _aBuckland W W
245 _aRoman law and common law : A comparison in outline
250 _a2nd
260 _aCambridge
_bCambridge University Press
_c1952
300 _a439p
_b
_c xxi
365 _b
650 _a
700 _aMc Nair Arnold D
_a
999 _c18294
_d18294